000 00650nam a2200205 a 4500
001 000017391
005 20240412074247.0
008 100324s2007 dr 001 p spa d
020 _a9789945420302
040 _aDO-SdBNP
_bspa
_cBNPHU
082 _aRD861.44
_bL579e
100 1 _aLeón, Sobieski de,
_d1948-
_938071
245 1 0 _aEn la prisión del tiempo /
_cSobieski de León.
260 _aSan Francisco de Macorís :
_bRumbo Sur :
_bNacional,
_c2007.
300 _a92 p. ;
_c17 cm.
590 _aInventariado, 2018/LP
650 0 _aPoesía dominicana
_966
650 0 _aLiteratura dominicana.
_967
910 _aValidado. Control de calidad BNPHU
999 _c16916
_d16916